4-Letter Images (A-Z) Quiz Stats

 Plays Quiz Updated Dec 3, 2018

Support Sporcle.
Go Orange.
Score 0/25 Timer 02:00
0 Plays Today
% Correct
frog
98.4%
dice
98%
golf
97.2%
iron
96.3%
Pope
96.2%
knot
96.1%
ruby ring
94.2%
soup
93.8%
wolf
90.5%
arch
90%
loaf
89.2%
X-ray
85.6%
hawk
84.3%
% Correct
yarn
82.7%
jack
80.6%
toga
80.4%
orca
79.4%
neon
77%
mitt
73%
bass clef
72.8%
Utah
68.8%
zest
66.4%
vane
61.6%
quiz
49.6%
épée
43.6%

From the Vault

Film by Mural

by hatefulmissy

Movies 5m
It's like a drive-in movie, but stuck on one frame forever.
Remove Ads.
Support Sporcle.
Get the best of Sporcle when you Go Orange. This ad-free experience offers more features, more stats, and more fun while also helping to support Sporcle. Thank you for becoming a member.

Show Comments

Extras

Top Quizzes Today


Score Distribution

Your Account Isn't Verified!

In order to create a playlist on Sporcle, you need to verify the email address you used during registration. Go to your Sporcle Settings to finish the process.

Report this User

Report this user for behavior that violates our Community Guidelines.

Details: